Tilastot visalle Unescon maailmanperintökohteet Suomessa

Klikkaa tästä pelataksesi tätä visaa!

Yleistilastot

  • Tätä visaa on pelattu 228 kertaa
  • Keskiarvotulos 3 / 7

Vastaustilastot

Vastaus% Oikein
Vanha {Rauma}
80%
{Suomenlinna}
54%
{Petäjäveden} vanha kirkko
51%
{Verlan} puuhiomo ja tehdas
51%
{Struven} ketju
43%
Korkearannikko – {Merenkurkun} saaristo
42%
{Sammallahdenmäen} pronssikautinen röykkiöalue
24%

Tulosjakauma

Persentiili vastausten määrän mukaan

Jokaisen tuloksen saaneiden osuus

Tuloshistoriasi

Et ole pelannut tätä visaa